Optimales Wachstum und Optimale Standortverteilung
Uloženo v:
| Hlavní autoři: | , , |
|---|---|
| Médium: | Kniha |
| Jazyk: | němčina |
| Vydáno: |
Berlín
Duncker y Humblot
1962
|
| Edice: | Schriften des vereins für socialpolitik: Gesellschaft für Wirtschafts und Sozialwissenschaften. Neue Folge Band, 27
|
| Témata: | |
| Tagy: |
Přidat tag
Žádné tagy, Buďte první, kdo vytvoří štítek k tomuto záznamu!
|
MARC
| LEADER | 00000nam a2200000 a 4500 | ||
|---|---|---|---|
| 001 | UCH1012 | ||
| 003 | CL-VaPUC | ||
| 008 | 090402e19620000GW |||||||||||||||||ger|d | ||
| 082 | 0 | 4 | |a 330.1543 |b HEN |2 21 |
| 100 | 0 | |a Henn, Rudolf |e author |9 535331 | |
| 700 | 0 | |a Bombach, Gottfried |e author |9 535332 | |
| 700 | 0 | |a von Böventer, Edwin |e author |9 535333 | |
| 245 | 1 | 0 | |a Optimales Wachstum und Optimale Standortverteilung |
| 300 | |a 133 p | ||
| 942 | |c BK | ||
| 945 | |d 20090402 00:00:00 |a dcastane | ||
| 260 | |a Berlín |b Duncker y Humblot |c 1962 | ||
| 650 | 7 | |a MODELO DE EXPANSION ECONOMICA |2 CL-VaPUC |9 535334 | |
| 650 | 7 | |a MATEMATICA ECONOMICA |2 CL-VaPUC |9 535335 | |
| 650 | 0 | |a Desarrollo económico |9 259599 | |
| 651 | 0 | |a Alemania |9 255688 | |
| 583 | |a last modification |c 20090402 00:00:00 |k Rodrigo Vera | ||
| 490 | 0 | |a Schriften des vereins für socialpolitik: Gesellschaft für Wirtschafts und Sozialwissenschaften. Neue Folge Band, 27 | |
| 999 | |c 333113 |d 333111 | ||
| 952 | |0 0 |1 0 |4 0 |6 330_154300000000000_HEN_1962 |7 0 |8 P |9 421289 |a BIBDER |b BIBDER |d 2019-11-22 |i 4525272 |o 330.1543 HEN 1962 |p 4525272 |r 2023-01-25 |w 2019-11-22 |y BK |k DER | ||